LEADER 02443nam 22005053 450 001 9910164942703321 005 20241221111030.0 035 $a(CKB)3710000000983967 035 $a(MiAaPQ)EBC6047292 035 $a(Au-PeEL)EBL6047292 035 $a(OCoLC)1156238179 035 $a(Exl-AI)6047292 035 $a(ODN)ODN0002697547 035 $a(EXLCZ)993710000000983967 100 $a20210901d2016 uy 0 101 0 $aeng 135 $aurcnu|||||||| 181 $ctxt$2rdacontent 182 $cc$2rdamedia 183 $acr$2rdacarrier 200 10$aWhat Good Cooks Know $e20 Years of Test Kitchen Expertise in One Essential Handbook 210 $d2016 210 1$aBrookline :$cAmerica's Test Kitchen,$d2016. 210 4$dİ2016. 215 $a1 online resource (570 pages) 311 08$a1-940352-66-5 311 08$a1-940352-67-3 327 $aOther Titles -- Title Page -- Copyright -- Table of Contents -- Welcome to America?s Test Kitchen -- Introduction -- Outfitting Your Kitchen -- Stocking Your Fridge and Pantry -- In the Kitchen and At the Stove -- Putting It All Together -- Appendices -- Index$7Generated by AI. 330 $aThis comprehensive handbook by America's Test Kitchen compiles 20 years of culinary expertise, offering readers a trove of tested recipes, practical cooking techniques, and essential kitchen knowledge. The editors focus on understanding the 'how' and 'why' behind cooking methods, aiming to provide the best versions of recipes through rigorous testing and analysis. The book also includes guidance on kitchen equipment, ingredient selection, and fundamental cooking principles, making it an invaluable resource for home cooks seeking to improve their skills. Intended for both novice and experienced cooks, the book emphasizes a scientific approach to cooking that demystifies the process and enhances culinary confidence.$7Generated by AI. 606 $aCookbooks$7Generated by AI 606 $aCooking$7Generated by AI 615 0$aCookbooks 615 0$aCooking 676 $a643.3 686 $aCKB023000$aCKB071000$aREF015000$2bisacsh 700 $aKitchen$b America's Test$01078738 701 $aKitchen$b America's Test$01078738 712 02$aAmerica's Test Kitchen (Firm) 801 0$bMiAaPQ 801 1$bMiAaPQ 801 2$bMiAaPQ 906 $aBOOK 912 $a9910164942703321 996 $aWhat Good Cooks Know$92887518 997 $aUNINA LEADER 02366nam0 22004573i 450 001 REA0024089 005 20251003044333.0 020 $aIT$b71-8640 100 $a19930414d1970 ||||0itac50 ba 101 | $aita$cita 102 $ait 181 1$6z01$ai $bxxxe 182 1$6z01$an 183 1$6z01$anc$2RDAcarrier 200 1 $aLotte e organizzazioni di classe alla FIAT, 1948-1970$fRenzo Gianotti 210 $aBari$cDe Donato$d[1970! 215 $a278 p.$d18 cm. 225 | $aAtti$v25 410 0$1001RAV0030966$12001 $aAtti$v25 440 1 $1001SBL0161717$12001 $aTrent'anni di lotte alla FIAT (1948-1978)$edalla ricostruzione al nuovo modo di fare l'auto$fRenzo Gianotti 500 10$aLotte e organizzazioni di classe alla FIAT, 1948-1970$3UBO4774296$9MILV043633$93910588 606 $aLotta di classe$xFIAT$x1948-1970$2FIR$3SBLC073228$9I 676 $a331.89$9CONTRATTAZIONE COLLETTIVA E VERTENZE SINDACALI$v12 676 $a331.89$9CONTRATTAZIONE COLLETTIVA E VERTENZE SINDACALI$v23 676 $a331.890429222094512$9CONTRATTAZIONE COLLETTIVA E VERTENZE SINDACALI NELLE INDUSTRIE AUTOMOBILISTICHE. TORINO (PROVINCIA)$v19 676 $a331.890429222094512$9CONTRATTAZIONE COLLETTIVA E VERTENZE SINDACALI NELLE INDUSTRIE AUTOMOBILISTICHE. TORINO (PROVINCIA)$v20 686 $aIT/3436.5$cLOTTE OPERAIE ITALIA 1945-1968$2R 686 $aIT/4436.5$cLOTTE OPERAIE ITALIA 1968-1989$2R 686 $aPIE/35.3/TO$cECONOMIA E SOCIETA PIEMONTE 1945-1968 TORINO$2R 686 $aPIE/45.3/TO$cECONOMIA E SOCIETA PIEMONTE 1968-1989 TORINO$2R 696 $aConflitto di classe 699 $aLotta di classe$yConflitto di classe 700 1$aGianotti$b, Renzo$3MILV043633$4070$0263676 801 3$aIT$bIT-000000$c19930414 850 $aIT-BN0095 901 $bNAP 01$cPOZZO LIB.$nVi sono collocati fondi di economia, periodici di ingegneria e scienze, periodici di economia e statistica e altri fondi comprendenti documenti di economia pervenuti in dono. 912 $aREA0024089 950 0$aBiblioteca Centralizzata di Ateneo$c1 v.$d 01POZZO LIB.F. SANTI 357$e 0101 0060032885E VMA 1 v. (Precedente collocazione S 326)$fB $h20221108$i20221108 977 $a 01$a IR 996 $aLotte e organizzazioni di classe alla FIAT, 1948-1970$93910588 997 $aUNISANNIO